000 00801nam a2200205Ia 4500
999 _c46888
_d46888
003 GCL
005 20240530104350.0
008 140319s9999 xx 000 0 ara d
040 _aGCL /
_cGCL
082 0 4 _a623.73 \
_bح م
100 1 _aحسن الكمشوشى
245 1 0 _aالانتشار الكهرومغناطيسى فى جو الارض والميكروكمبيوتر /
_cحسن الكمشوشى
260 _a[S.N] :
_bدار الراتب الجامعية ،
_c1987
300 _a195 ص. ؛
_c24 سم.
490 _aموسوعة الاتصالات العسكرية الهوائيات وانتشار الموجات والميكروكومبيوتر :
_v7
650 0 4 _aالكهرومغناطيسة
650 0 4 _aباسيك
650 0 4 _aالهندسة الكهربية
942 _2ddc
_cBK